00784nam a2200217 a 450000100100000000500170001000800410002702000130006804000250008108200150010610000260012124000300014724500860017726000340026330000290029749000290032670000450035583000360040095201130043699900170054900004269420201002040331.0140205s1985 sp a 000 0 spa d z72236250 aDO-SdBNPbspacBNPHU axxxbL449b1 aLebowitz, Fran97000010aSocial studieslEspañol10aBreve manual de urbanidad /cFran Lebowitz ; traducción de José Luis Guarner. aBarcelona :bTusquets,c1985. a151 p. :ail., ;c18 cm.1 aCuadernos ínfimosv12512aGuarner, José Luis Guarneretr.970001 0aCuadernos ínfimosn125970002 001050718MOaGRbGRcCTd2014-02-05iLF1l0oxxx L449bp42694-10r2020-06-25w2020-06-25y1ZNo se presta c42183d42183